[Event "Rio Grande op 22nd"]
[Site "Rio Grande"]
[Date "2022.10.19"]
[Round "2"]
[White "Igarzabal, Lucas"]
[Black "Luna, Fernando Agustin"]
[Result "1/2-1/2"]
[WhiteElo "1727"]
[BlackElo "1377"]
[PlyCount "153"]
[EventDate "2022.10.19"]
[EventType "swiss"]
[EventRounds "7"]
[EventCountry "ARG"]
[SourceTitle "EXT 2024"]
[Source "ChessBase"]
[SourceDate "2023.10.10"]
[SourceVersion "1"]
[SourceVersionDate "2023.10.10"]
[SourceQuality "1"]

1. Nf3 Nc6 2. e4 e5 3. d3 d6 4. c3 Nf6 5. h3 Be7 6. Be2 0-0 7. Nbd2 h6 8. Nf1 d5 9. Qc2 dxe4 10. dxe4 Qd6 11. g4 Nh7 12. Ng3 Ng5 13. Bxg5 Bxg5 14. h4 Bf4 15. Rd1 Qe7 16. Nf5 Bxf5 17. gxf5 Rad8 18. Bb5 Rxd1+ 19. Qxd1 Rd8 20. Qa4 Qd6 21. Kf1 a6 22. Bxc6 bxc6 23. Qxa6 g6 24. fxg6 Qxg6 25. Qe2 Kh7 26. Rg1 Qe6 27. b3 f5 28. Qc2 fxe4 29. Qxe4+ Kh8 30. Rg6 Qd5 31. Qf5 Qd3+ 32. Qxd3 Rxd3 33. Rxc6 Rxf3 34. Rxc7 e4 35. Rc8+ Kg7 36. Ke2 Rd3 37. a4 Bd2 38. a5 Bxc3 39. Rc7+ Kf8 40. b4 Bd4 41. b5 Rb3 42. b6 Bxb6 43. axb6 Rxb6 44. Rc4 Re6 45. Ke3 Kf7 46. Rxe4 Rb6 47. Kf4 Kg6 48. Kg4 h5+ 49. Kf4 Rf6+ 50. Kg3 Rc6 51. Re5 Rc4 52. Rg5+ Kh6 53. f3 Rc3 54. Re5 Rc6 55. Kf4 Rc4+ 56. Re4 Rc6 57. Kf5 Rc3 58. Re6+ Kh7 59. Re7+ Kh6 60. Re6+ Kh7 61. f4 Rg3 62. Re7+ Kh6 63. Re8 Kg7 64. Re7+ Kh6 65. Kf6 Rg6+ 66. Kf7 Rg4 67. f5 Rxh4 68. Re8 Rf4 69. f6 h4 70. Rh8+ Kg5 71. Rg8+ Kf5 72. Rh8 Kg5 73. Rg8+ Kf5 74. Rg1 h3 75. Rh1 Rf3 76. Kg7 Rg3+ 77. Kf7 1/2-1/2